| 000 | 01423nam0a2200337 i 4500 | ||
|---|---|---|---|
| 001 | RU\NLR\BIBL_A\012536394 | ||
| 005 | 20241105220545.0 | ||
| 035 | _a(NLR Aleph) 012536394 | ||
| 090 |
_a12386302 _c12386302 |
||
| 100 | _a20210603d2020 u y0rusy50 ca | ||
| 101 | 0 | _arus | |
| 102 | _aRU | ||
| 105 | _aac z 000zy | ||
| 181 | 0 |
_ai _baxxe |
|
| 182 | 0 | _an | |
| 200 | 1 |
_aМонахиня Олимпиада _fЮ. Д. Рысков |
|
| 203 |
_aТекст _bвизуальный _cнепосредственный |
||
| 210 |
_aСанкт-Петербург _cСвет _d2020 |
||
| 215 |
_a25, [3] с. _cил., цв. ил., портр. _d21 |
||
| 311 | _aПрил. к кн. "Родина моя" | ||
| 333 | _a6+ | ||
| 488 | 0 |
_12001#$aРодина моя _1700#1$aРысков$bЮ. Д.$gЮрий Дмитриевич _tРодина моя _aРысков, Юрий Дмитриевич |
|
| 600 | 0 |
_aОлимпиада _cВолкова, Ольга Васильевна _cмонахиня _f1890 - 1977 _92480926 _3RU\NLR\AUTH\6601689331 |
|
| 686 | 2 | _aЭ372.24-372.3-028 | |
| 700 | 1 |
_aРысков _bЮ. Д. _gЮрий Дмитриевич |
|
| 702 | 1 |
_4280 _7ca _8rus _aОлимпиада _cВолкова, Ольга Васильевна _cмонахиня _f1890-1977 _9231580 _3RU\NLR\AUTH\770231636 |
|
| 942 | _cBOOK | ||
| 980 | _aNBR | ||